000 00430nab a2200145Ia 4500
003 ES-SlBCS
005 20210601125240.0
008 140529s1978 xxu||||| |||| 00| 0 eng d
041 _aeng
100 1 _aWarren, W. Preston
_9155736
245 0 0 _aModes of Objectivity
_c W. Preston Warren
650 0 4 _aObjetividad
_9124371
773 0 _tPhilosophy and Phenomenological Research
_gvol. 39, 1978, págs. 74-91
_wRev1411
942 _cAR
999 _c527209
_d527209